000 00236nam a2200097Ia 4500
005 20251222114338.0
008 251222s1900||||xx |||||||||||||| ||spa||
082 _aDVD0070/K29/1955
245 0 _aAl este del paraĆ­so:East of eden
942 _cDVD
999 _c760
_d760